Racimo de rosas / (Record no. 37942)

MARC details
000 -LEADER
campo de control de longitud fija 00474nam a2200157 i 4500
001 - NÚMERO DE CONTROL
campo de control 37942
003 - IDENTIFICADOR DE NÚMERO DE CONTROL
campo de control ES-MaACL
005 - FECHA Y HORA DE LA ÚLTIMA TRANSACCIÓN
campo de control 20230906155653.0
007 - CAMPO FIJO DE DESCRIPCIÓN FÍSICA--INFORMACIÓN GENERAL
campo de control de longitud fija t|
008 - DATOS DE LONGITUD FIJA--INFORMACIÓN GENERAL
campo de control de longitud fija 030224s1969 sp ||||1| spa d
100 1# - ENTRADA PRINCIPAL--NOMBRE DE PERSONA
Nombre de persona Burgos Martínez, Antonio.
9 (RLIN) 32667
245 10 - MENCIÓN DEL TÍTULO
Título Racimo de rosas /
Mención de responsabilidad, etc. Antonio Burgos Martínez, Yaroski [seud.].
260 ## - PUBLICACIÓN, DISTRIBUCIÓN, ETC.
Lugar de publicación, distribución, etc. Burgos :
Nombre del editor, distribuidor, etc. [s.n.,
Fecha de publicación, distribución, etc. 1969] (
Fabricante Tall. Gráf. Diario de Burgos)
300 ## - DESCRIPCIÓN FÍSICA
Extensión 58 p. ;
Dimensiones 18 cm.
852 ## - LOCALIZACIÓN
Ubicación ES-MaACL
Número de control de estantería 2071-F-2
Sublocalización o colección R.69801
Holdings
Estatus retirado Estado de pérdida Estado de daño No para préstamo Colección Biblioteca de origen Biblioteca actual Ubicación en estantería Fecha de adquisición Fuente de adquisición Total de préstamos Signatura topográfica completa Código de barras Visto por última vez Precio de reemplazo Tipo de ítem Koha
        Colección de folletos Biblioteca del Ateneo de Madrid Biblioteca del Ateneo de Madrid Depósito folletos 17/01/2008     2071-F-2 1039947 23/02/2023 23/02/2023 Folleto